| Tag |
First Indicator |
Second Indicator |
Subfields |
| LEADER |
00000cam a2200000 a 4500 |
| 001 |
in00000025901 |
| 005 |
20151007054519.0 |
| 008 |
850807s1983 pe a b 00010 eng d |
| 035 |
|
|
|a (OCoLC)12359509
|
| 035 |
|
|
|9 AAB5290AM
|
| 040 |
|
|
|a TXA
|c TXA
|d m/c
|d WVU
|d TXA
|d UtOrBLW
|
| 049 |
|
|
|a TXAM
|c 1 [A11073348], 2 [A11073398]
|
| 050 |
|
4 |
|a HD9235.P82
|b R95 1983
|
| 100 |
1 |
|
|a Dürr, G.
|q (Georg)
|
| 245 |
1 |
0 |
|a Potato production and utilization in Rwanda /
|c Georg Dürr.
|
| 264 |
|
1 |
|a Lima, Peru :
|b International Potato Center,
|c 1983.
|
| 300 |
|
|
|a 85 pages :
|b illustrations ;
|c 28 cm.
|
| 336 |
|
|
|a text
|b txt
|2 rdacontent
|
| 337 |
|
|
|a unmediated
|b n
|2 rdamedia
|
| 338 |
|
|
|a volume
|b nc
|2 rdacarrier
|
| 490 |
1 |
|
|a Working paper / Social Science Dept. ;
|v 1983-1
|
| 504 |
|
|
|a Bibliography: pages 83-85.
|
| 590 |
|
|
|a A11073348 A11073398
|
| 650 |
|
0 |
|a Potatoes
|z Rwanda.
|
| 710 |
2 |
|
|a International Potato Center.
|
| 830 |
|
0 |
|a Social Science Department working paper series ;
|v 1983-1.
|
| 999 |
|
|
|a MARS
|
| 999 |
f |
f |
|s c2112151-954d-3faa-afde-63faa57427c6
|i 0f9beca2-753f-3bf1-86a9-ca138b74502b
|t 0
|
| 952 |
f |
f |
|p ric
|a Texas A&M University
|b Rellis Campus
|c Joint Library Facility
|d Remote Storage
|t 0
|e HD9235.P82 R95 1983
|h Library of Congress classification
|i unmediated -- volume
|m A14811073348
|
| 998 |
f |
f |
|a HD9235.P82 R95 1983
|t 0
|l Remote Storage
|